Zelený marketing v kontexte ponuky bioproduktov v obchodnej sieti

Zelený marketing, definícia. Vývoj zeleného marketingu a podnikanie. Právny rámec pre produkciu bioproduktov na území Európskej únie. Biopotraviny v maloobchodnej sieti.

Salvato in:
Dettagli Bibliografici
Autore principale: Petrovčiková, Katarína, 1977-
Natura: Capitolo di libro
Lingua:slovacco
Soggetti:
Tags: Aggiungi Tag
Nessun Tag, puoi essere il primo ad aggiungerne!!

MARC

LEADER 00000nla$a2200000$$$4500
001 0142871
005 20240502072548.6
041 0 |a slo 
044 |a SK 
245 1 0 |a Zelený marketing v kontexte ponuky bioproduktov v obchodnej sieti  |c Katarína Petrovčíková 
520 |a Zelený marketing, definícia. Vývoj zeleného marketingu a podnikanie. Právny rámec pre produkciu bioproduktov na území Európskej únie. Biopotraviny v maloobchodnej sieti. 
610 2 0 |a marketing 
610 2 0 |a marketing environmentálny 
610 2 0 |a bioprodukty 
610 2 0 |a siete obchodné 
610 2 0 |a predpisy právne 
610 2 0 |a Európska únia 
100 1 |a Petrovčiková, Katarína, 1977-